000 00823nam a22001937a 4500
005 20241128142132.0
008 240124b ||||| |||| 00| 0 eng d
020 _a9780525521990
082 _22017
_aDC 973.933092
_bB193
100 _aBaldwin, Alec.
_950813
245 _aYou can't spell America without me :
_bthe really tremendous inside story of my fantastic first year as President Donald J. Trump /
_cAlec Baldwin and Kurt Andersen.
260 _aNew York :
_bPenguin Press,
_c©2017.
300 _a246 pages :
_bcolor illustrations ;
_c24 cm.
650 _aTrump, Donald, 1946
_xParodies, imitations, etc.
_951814
650 _aPresidents
_zUnited States
_xHumor.
_951815
650 _zUnited States
_xPolitics and government
_x2017-2021
_xHumor.
_951816
700 _aAndersen, Kurt.
_eauthor.
_950814
942 _2ddc
_cDC
999 _c18754
_d18754